Guess the ERB song with no hints. - Statistics

General Stats
  • This quiz has been taken 147 times
  • The average score is 116 of 314
Answer Stats
Lyrics % Correct
I
92%
i
92%
a
90%
you
81%
You
81%
you.
81%
the
72%
The
72%
me
60%
me,
60%
me;
60%
be
57%
be:
57%
can
57%
to
56%
of
55%
your
53%
Your
53%
no
51%
No
51%
and
50%
And
50%
it
50%
it,
50%
it!
50%
so
50%
So
50%
when
50%
on
48%
What
48%
what
48%
go
47%
I'm
47%
my
44%
in
41%
that
41%
is
40%
with
40%
this
39%
this?
39%
they
38%
They
38%
don't
37%
Don't
37%
can't
36%
for
36%
could!
35%
will
35%
You're
35%
you're
35%
have
34%
let
34%
not
34%
see
34%
See?
34%
but
33%
But
33%
by
33%
there,
33%
did
32%
from
32%
got
31%
know
31%
up!
31%
up.
31%
was
31%
if
30%
think
30%
it's
29%
It's
29%
little
29%
Tesla!
29%
Tesla,
29%
battle
28%
even
28%
I'll
28%
look
28%
never
28%
time
28%
would
28%
every
27%
Nikola,
27%
con
26%
Edison
26%
make
26%
transmission
26%
had
25%
'bout
24%
call
24%
mankind!
24%
own
24%
start
24%
steal
24%
Step
24%
stole
24%
way
24%
world
24%
You'll
24%
you'll
24%
back
23%
best
23%
What's
23%
curse
22%
free.
22%
give
22%
good!
22%
real
22%
spit
22%
utility!
22%
dressed.
21%
impeccably
21%
lights,
21%
mind.
21%
mine
21%
people
21%
power
21%
touch
21%
ahead
20%
camera,
20%
couldn't
20%
inside
20%
knew
20%
list
20%
New
20%
story
20%
were
20%
buck;
19%
fool!
19%
long
19%
making
19%
out
19%
shocked
19%
truth
19%
truth,
19%
credit.
18%
dope
18%
invention
18%
reddit.
18%
sex
18%
static
18%
style
18%
add
17%
banker
17%
confess
17%
diss
17%
energy.
17%
flow
17%
greedy
17%
handle
17%
here's
17%
History
17%
Jersey
17%
just
17%
Menlo.
17%
patents
17%
rip
17%
screwed
17%
shocking
17%
sound.
17%
stopped
17%
sure
17%
test!
17%
There's
17%
things
17%
universe
17%
whole
17%
wireless
17%
wizard
17%
infinite
16%
OCD
16%
plagued
16%
said
16%
Serbian
16%
alternate
15%
bet
15%
broke
15%
directly!
15%
gifts
15%
rewritten
15%
smidgen
15%
thefts
15%
washed
15%
crush
14%
dollars
14%
duped,
14%
enemy
14%
hertz
14%
potential
14%
taste
14%
thousand
14%
Without
14%
burning
13%
busy
13%
ditches
13%
fifty
13%
geek
13%
getting
13%
inventions
13%
lessons
13%
pigeons!
13%
threat
13%
understood
13%
visions
13%
bridges
12%
digging
12%
electrical
12%
gently
12%
Giving
12%
invented.
12%
putting
12%
record
12%
While
12%
business
11%
conduct
11%
forget
11%
nemesis
11%
riches
10%
pumping
9%
stacking
9%
No matching quizzes found
Score Distribution
Percent of People with Each Score
Percentile by Number Answered
Your Score History
You have not taken this quiz